LIBRARY ONLINE CATALOGUE

Life's Ultimate Questions: (Record no. 19391)

MARC details
000 -LEADER
fixed length control field 00460nam a22001577a 4500
008 - FIXED-LENGTH DATA ELEMENTS--GENERAL INFORMATION
fixed length control field 220715b |||||||| |||| 00| 0 eng d
020 ## - INTERNATIONAL STANDARD BOOK NUMBER
International Standard Book Number 0310514923
050 ## - LIBRARY OF CONGRESS CALL NUMBER
Classification number BR100
Item number .N37 1999
100 ## - MAIN ENTRY--PERSONAL NAME
Personal name Nash, Ronald H.
245 ## - TITLE STATEMENT
Title Life's Ultimate Questions:
Remainder of title an Introduction to Philosophy
Statement of responsibility, etc. Ronald H. Nash
260 ## - PUBLICATION, DISTRIBUTION, ETC. (IMPRINT)
Place of publication, distribution, etc. Michigan
Name of publisher, distributor, etc. Zondervan
Date of publication, distribution, etc. 1999
300 ## - PHYSICAL DESCRIPTION
Extent 400p.
650 ## - SUBJECT ADDED ENTRY--TOPICAL TERM
Topical term or geographic name as entry element Christianity
Form subdivision philosophy
650 ## - SUBJECT ADDED ENTRY--TOPICAL TERM
Topical term or geographic name as entry element philosophy introductions
942 ## - ADDED ENTRY ELEMENTS (KOHA)
Source of classification or shelving scheme Library of Congress Classification
Koha item type General Collection
Holdings
Withdrawn status Lost status Source of classification or shelving scheme Not for loan Home library Current library Date acquired Cost, normal purchase price Total Checkouts Full call number Barcode Date last seen Price effective from Koha item type
    Library of Congress Classification   Kabarak, Main Campus Kabarak, Main Campus 15/07/2022 2800.00   BR100 .N37 1999 c.1 031952 02/08/2024 15/07/2022 General Collection
    Library of Congress Classification   Kabarak, Main Campus Kabarak, Main Campus 15/07/2022 4472.00   BR100 .N37 1999 c.2 34673 02/08/2024 15/07/2022 General Collection